[Event "ODEM U25B 2011"]
[Site "Oberhof GER"]
[Date "2011.06.13"]
[Round "3"]
[White "Nobis, Philipp"]
[Black "Wolfer, Joshua"]
[Result "1-0"]
[Termination "normal"]
[Board "1"]
[WhiteElo "1396"]
[BlackElo "1550"]
[PlyCount "165"]
[WhiteFideId "24602183"]
[BlackFideId "12945668"]
[EventCountry "GER"]
[EventRounds "9"]
[EventType "swiss"]
[EventDate "2011.06.11"]

1. c4 e6 2. g3 d5 3. Bg2 Nc6 4. b3 Nf6 5. Bb2 Bc5 6. Nf3 Bd7 7. O-O O-O 8. d4
Be7 9. e3 a5 10. Nbd2 a4 11. Ne5 Bd6 12. Re1 Qe7 13. Nxc6 Bxc6 14. c5 Bxc5 15.
dxc5 Qxc5 16. Qc1 Qb6 17. Bd4 Qa6 18. Qc3 Ne8 19. Bc5 Nd6 20. Bxd6 cxd6 21.
bxa4 Bxa4 22. Rec1 Bc6 23. Bf1 Qa4 24. Nb3 e5 25. Bg2 h6 26. Qd3 e4 27. Qd4 Qa3
28. Bf1 Ra4 29. Qd2 Rfa8 30. Rc3 Qb4 31. Rc2 Qb6 32. Nd4 Bd7 33. Rb2 Qc5 34.
Nb3 Qa3 35. Rab1 Bc6 36. Nd4 Kh7 37. Rc2 R4a7 38. Nxc6 bxc6 39. Rxc6 Qxa2 40.
Qxa2 Rxa2 41. Rxd6 Rd2 42. Rd7 Raa2 43. Rxf7 Kg6 44. Rf8 d4 45. exd4 Rxd4 46.
Re1 h5 47. Rf4 e3 48. fxe3 Rdd2 49. h4 Kh6 50. e4 Ra3 51. Re2 Rxe2 52. Bxe2
Rxg3+ 53. Kf2 Rg6 54. Rf5 Re6 55. Rxh5+ Kg6 56. Rg5+ Kf6 57. Bf3 Ra6 58. Kg3
Ra4 59. Kf4 Ra3 60. Rg3 Ra4 61. h5 Ra5 62. Rg6+ Kf7 63. e5 Ra1 64. e6+ Ke7 65.
Rxg7+ Kxe6 66. h6 Kf6 67. Rc7 Rb1 68. h7 Rb8 69. Be4 Rh8 70. Kg4 Re8 71. Bc2
Rd8 72. Kh5 Rb8 73. Kh6 Rd8 74. Rg7 Rd2 75. Rg6+ Kf7 76. Bb3+ Ke7 77. Rg7+ Kf6
78. Rf7+ Ke5 79. h8=Q+ Ke4 80. Re7+ Kf4 81. Qf6+ Kg4 82. Rg7+ Kh3 83. Be6+ 1-0

[Event "ODEM U25B 2011"]
[Site "Oberhof GER"]
[Date "2011.06.13"]
[Round "3"]
[White "Oltmanns, Bianca"]
[Black "Puffay, Jana"]
[Result "1-0"]
[Termination "normal"]
[Board "2"]
[WhiteElo "1645"]
[BlackElo "1394"]
[PlyCount "41"]
[WhiteFideId "24698008"]
[BlackFideId "24692360"]
[EventCountry "GER"]
[EventRounds "9"]
[EventType "swiss"]
[EventDate "2011.06.11"]

1. e4 c5 2. Nf3 Nc6 3. d4 cxd4 4. Nxd4 g6 5. Nc3 Bg7 6. Be3 Nf6 7. f3 O-O 8. g4
d5 9. g5 Nh5 10. exd5 Nxd4 11. Bxd4 e5 12. Be3 Nf4 13. h4 Bf5 14. Qd2 Qc8 15.
O-O-O a6 16. Ne4 Nh5 17. Rg1 Rd8 18. Bb6 Bxe4 19. fxe4 Rd7 20. Bh3 Rxd5 21.
Qxd5 1-0

[Event "ODEM U25B 2011"]
[Site "Oberhof GER"]
[Date "2011.06.13"]
[Round "3"]
[White "Fischer, Felix"]
[Black "von Reppert, Marc"]
[Result "1-0"]
[Termination "normal"]
[Board "3"]
[WhiteElo "1373"]
[BlackElo "1438"]
[PlyCount "35"]
[BlackFideId "12918130"]
[EventCountry "GER"]
[EventRounds "9"]
[EventType "swiss"]
[EventDate "2011.06.11"]

1. e4 e6 2. d4 d5 3. Nc3 Nf6 4. Bg5 Be7 5. e5 Nfd7 6. h4 Bxg5 7. hxg5 Qxg5 8.
Nh3 Qe7 9. Qg4 f5 10. Qg3 Nc6 11. O-O-O a6 12. Be2 b6 13. Nf4 Nf8 14. Bh5+ Kd7
15. Ncxd5 exd5 16. Nxd5 Qe6 17. Qxg7+ Kd8 18. Qxc7# 1-0

[Event "ODEM U25B 2011"]
[Site "Oberhof GER"]
[Date "2011.06.13"]
[Round "3"]
[White "Wolf, Sascha"]
[Black "Oberhofer, Cédric"]
[Result "1/2-1/2"]
[Termination "normal"]
[Board "4"]
[WhiteElo "1358"]
[BlackElo "1409"]
[PlyCount "73"]
[BlackFideId "12941220"]
[EventCountry "GER"]
[EventRounds "9"]
[EventType "swiss"]
[EventDate "2011.06.11"]

1. g3 d5 2. Bg2 e5 3. d3 Nf6 4. Nc3 Be7 5. Bg5 Be6 6. e4 d4 7. Bxf6 Bxf6 8. Nd5
Bxd5 9. exd5 O-O 10. Nh3 c6 11. dxc6 Nxc6 12. f3 Ne7 13. Nf2 Nd5 14. Qe2 Ne3
15. Ng4 Nxg4 16. fxg4 Qa5+ 17. Kf2 Bg5 18. Bf3 Qd2 19. Rhe1 Be3+ 20. Kg2 Qxe2+
21. Rxe2 Rac8 22. c4 Rc7 23. b4 b6 24. a4 Rb8 25. Rc2 Kf8 26. c5 bxc5 27. Rxc5
Rxc5 28. bxc5 Ke7 29. Ra2 Rb3 30. Be4 Bc1 31. c6 Rb2+ 32. Rxb2 Bxb2 33. Kf3 h6
34. Ke2 Bc3 35. Kd1 Ba5 36. Kc2 Kd6 37. Kb3 1/2-1/2

[Event "ODEM U25B 2011"]
[Site "Oberhof GER"]
[Date "2011.06.13"]
[Round "3"]
[White "Alt, Elisabeth"]
[Black "Werner, Justus"]
[Result "0-1"]
[Termination "normal"]
[Board "5"]
[WhiteElo "1402"]
[BlackElo "1344"]
[PlyCount "93"]
[WhiteFideId "24692620"]
[BlackFideId "12941107"]
[EventCountry "GER"]
[EventRounds "9"]
[EventType "swiss"]
[EventDate "2011.06.11"]

1. e4 c5 2. c3 Nf6 3. e5 Nd5 4. d4 cxd4 5. Nf3 e6 6. cxd4 Nc6 7. Bc4 Nb6 8. Bb3
d5 9. exd6 Bxd6 10. Nc3 a6 11. O-O O-O 12. d5 exd5 13. Nxd5 Nxd5 14. Bxd5 Qc7
15. Be3 Bg4 16. h3 Bh5 17. Rc1 Rfd8 18. Qb3 Qd7 19. Rfd1 Ne7 20. Be4 Rab8 21.
Bc5 Nc8 22. Qd5 Bxf3 23. Bxf3 Qc7 24. Bxd6 Qxd6 25. Rxc8 Qxd5 26. Rxd8+ Qxd8
27. Rxd8+ Rxd8 28. Kf1 b6 29. Ke2 a5 30. Bc6 h6 31. Bb5 Kf8 32. Bd3 f6 33. Kd2
Ke7 34. Kc3 Kd6 35. b4 Kc7 36. a3 axb4+ 37. axb4 Ra8 38. Bc4 Ra1 39. g3 Rh1 40.
h4 Rh2 41. f3 Rh3 42. g4 Rxf3+ 43. Bd3 Rg3 44. g5 fxg5 45. hxg5 hxg5 46. Kd4
Rxd3+ 47. Kxd3 0-1

[Event "ODEM U25B 2011"]
[Site "Oberhof GER"]
[Date "2011.06.13"]
[Round "3"]
[White "Herrmann, Heribert"]
[Black "Edel, Fenja"]
[Result "1-0"]
[Termination "normal"]
[Board "6"]
[WhiteElo "1274"]
[BlackElo "1537"]
[PlyCount "103"]
[WhiteFideId "12971715"]
[BlackFideId "24696749"]
[EventCountry "GER"]
[EventRounds "9"]
[EventType "swiss"]
[EventDate "2011.06.11"]

1. Nf3 d5 2. e3 Nf6 3. c4 e6 4. Nc3 Bd6 5. b3 Nbd7 6. Bb2 O-O 7. d3 c6 8. g3
Bb4 9. a3 Bxc3+ 10. Bxc3 Re8 11. Bg2 e5 12. O-O e4 13. dxe4 Nxe4 14. Qd4 Nxc3
15. Qxc3 dxc4 16. Qxc4 Nb6 17. Qc2 Qf6 18. Rad1 Bf5 19. Qe2 Bg4 20. h3 Be6 21.
Nd4 Rad8 22. Nxe6 Qxe6 23. Rd3 Qe7 24. Rxd8 Rxd8 25. Rd1 Rxd1+ 26. Qxd1 g6 27.
a4 Qd7 28. Qxd7 Nxd7 29. Bf1 Nc5 30. Bc4 Kf8 31. Kg2 Ke7 32. Kf3 f6 33. Kg4 Ne4
34. f3 Nf2+ 35. Kh4 f5 36. g4 fxg4 37. hxg4 Kf6 38. Be2 Ke5 39. Kg3 Ne4+ 40.
fxe4 Kxe4 41. Kf2 g5 42. Bc4 a6 43. Be6 b6 44. Bc8 a5 45. Bf5+ Ke5 46. Bxh7 b5
47. axb5 cxb5 48. Bg8 Ke4 49. Ke2 a4 50. bxa4 bxa4 51. Bh7+ Ke5 52. Kd2 1-0

[Event "ODEM U25B 2011"]
[Site "Oberhof GER"]
[Date "2011.06.13"]
[Round "3"]
[White "Kololli, Martin"]
[Black "Titgemeyer, Eva Maria"]
[Result "1-0"]
[Termination "normal"]
[Board "8"]
[WhiteElo "1553"]
[BlackElo "1361"]
[PlyCount "84"]
[WhiteFideId "12936910"]
[BlackFideId "24655350"]
[EventCountry "GER"]
[EventRounds "9"]
[EventType "swiss"]
[EventDate "2011.06.11"]

1. e4 e5 2. Nf3 Nc6 3. Bc4 Nf6 4. d3 Be7 5. O-O d6 6. Be3 Na5 7. Bb3 Nxb3 8.
axb3 O-O 9. h3 Kh8 10. Nc3 Ng8 11. Nd5 f5 12. Qe2 f4 13. Bd2 c6 14. Nxe7 Qxe7
15. Kh2 Qf7 16. Bb4 c5 17. Bd2 Qh5 18. Ng1 Qxe2 19. Nxe2 f3 20. Nc3 fxg2 21.
Kxg2 Ne7 22. f4 Bd7 23. fxe5 Rxf1 24. Rxf1 dxe5 25. Rf7 Bxh3+ 26. Kxh3 Nc6 27.
Rxb7 Nd4 28. Be3 h6 29. Bxd4 cxd4 30. Nd5 g5 31. Kg4 Rc8 32. Rc7 Rxc7 33. Nxc7
Kg7 34. c4 dxc3 35. bxc3 Kg6 36. d4 h5+ 37. Kg3 exd4 38. cxd4 g4 39. e5 Kg5 40.
Ne6+ Kf5 41. Ng7+ Kg5 42. Nxh5 Kxh5 1-0

[Event "ODEM U25B 2011"]
[Site "Oberhof GER"]
[Date "2011.06.13"]
[Round "3"]
[White "Fabiunke, Jakob"]
[Black "Kempe, Markus"]
[Result "0-1"]
[Termination "normal"]
[Board "9"]
[WhiteElo "1344"]
[BlackElo "1468"]
[PlyCount "86"]
[WhiteFideId "24686085"]
[BlackFideId "24692638"]
[EventCountry "GER"]
[EventRounds "9"]
[EventType "swiss"]
[EventDate "2011.06.11"]

1. d4 Nf6 2. c4 g6 3. Nc3 Bg7 4. Bf4 O-O 5. Nf3 d6 6. e3 Nbd7 7. Be2 e5 8. dxe5
Nxe5 9. Nxe5 dxe5 10. Bg3 c6 11. O-O Be6 12. Qc2 Qe7 13. Rad1 Nd7 14. Rd2 Rad8
15. Rfd1 f5 16. h3 f4 17. exf4 exf4 18. Bh2 Bf5 19. Qb3 Nc5 20. Qa3 Rxd2 21.
Rxd2 Bxc3 22. bxc3 a6 23. Bxf4 Bxh3 24. Bd6 Qg5 25. g3 Qxd2 26. Bxf8 Qxe2 27.
Qc1 Kxf8 28. Qh6+ Kg8 29. Qxh3 Qe6 30. Qh4 Qe1+ 31. Kg2 Qe4+ 32. Qxe4 Nxe4 33.
Kf3 Nxc3 34. a3 Nb1 35. a4 Nd2+ 36. Ke2 Nxc4 37. f4 b5 38. axb5 cxb5 39. Kd3
Nd6 40. g4 Kf7 41. g5 Ke6 42. Kd4 Kf5 43. Ke3 Nc4+ 0-1

[Event "ODEM U25B 2011"]
[Site "Oberhof GER"]
[Date "2011.06.13"]
[Round "3"]
[White "Resch, Andreas"]
[Black "Buchallik, Jakob"]
[Result "0-1"]
[Termination "normal"]
[Board "10"]
[WhiteElo "1351"]
[BlackElo "1451"]
[PlyCount "86"]
[BlackFideId "12945749"]
[EventCountry "GER"]
[EventRounds "9"]
[EventType "swiss"]
[EventDate "2011.06.11"]

1. e4 e5 2. Nf3 Nc6 3. d4 exd4 4. Nxd4 Bc5 5. Be3 Bb6 6. Nxc6 dxc6 7. Qxd8+
Kxd8 8. Bxb6 cxb6 9. Nc3 Be6 10. O-O-O+ Kc7 11. f4 f6 12. Be2 Ne7 13. Rhe1 Rad8
14. Bd3 Rhe8 15. f5 Bf7 16. g4 Nc8 17. h4 h6 18. Rg1 b5 19. b4 Nb6 20. Rde1 Nd7
21. g5 hxg5 22. hxg5 Ne5 23. Be2 Rd4 24. a3 Kb6 25. gxf6 gxf6 26. Rd1 Red8 27.
Rxd4 Rxd4 28. Rd1 c5 29. bxc5+ Kxc5 30. Rxd4 Kxd4 31. Kd2 a6 32. Bd3 Nc4+ 33.
Bxc4 bxc4 34. Nd5 Bxd5 35. exd5 Kxd5 36. Kc3 b5 37. Kd2 Ke4 38. c3 Kxf5 39. Ke3
Ke5 40. Kf3 f5 41. Ke3 a5 42. Kf3 f4 43. Kf2 Ke4 0-1

[Event "ODEM U25B 2011"]
[Site "Oberhof GER"]
[Date "2011.06.13"]
[Round "3"]
[White "Martin, Raphael"]
[Black "Denkert, Robert"]
[Result "1/2-1/2"]
[Termination "normal"]
[Board "11"]
[WhiteElo "1431"]
[BlackElo "1220"]
[PlyCount "72"]
[WhiteFideId "12952036"]
[BlackFideId "12957216"]
[EventCountry "GER"]
[EventRounds "9"]
[EventType "swiss"]
[EventDate "2011.06.11"]

1. e4 e5 2. Nf3 Nf6 3. d4 Nxe4 4. Bd3 d5 5. Nxe5 Be6 6. O-O Nd7 7. f4 c5 8. Be3
cxd4 9. Bxd4 Nxe5 10. fxe5 Bc5 11. Bxe4 Bxd4+ 12. Qxd4 dxe4 13. Qe3 O-O 14. Nc3
Qc7 15. Rae1 Qxe5 16. Qxe4 Qxe4 17. Rxe4 Rfd8 18. Rf2 g6 19. Ree2 Rd6 20. Rd2
Rad8 21. Ne4 Rxd2 22. Rxd2 Rxd2 23. Nxd2 Kf8 24. a3 Bd5 25. Kf2 Ke7 26. g3 b5
27. Ke3 g5 28. Kd4 Kd6 29. Nf1 f5 30. Nd2 h5 31. c3 a6 32. Nf1 Bg2 33. Ne3 Be4
34. b4 Bb1 35. Nd5 h4 36. Ne3 Be4 1/2-1/2

[Event "ODEM U25B 2011"]
[Site "Oberhof GER"]
[Date "2011.06.13"]
[Round "3"]
[White "Bauer, David"]
[Black "Goujov, Alexander"]
[Result "0-1"]
[Termination "normal"]
[Board "12"]
[WhiteElo "1531"]
[BlackElo "1309"]
[PlyCount "68"]
[WhiteFideId "12913197"]
[EventCountry "GER"]
[EventRounds "9"]
[EventType "swiss"]
[EventDate "2011.06.11"]

1. e4 e6 2. d4 d5 3. exd5 exd5 4. Bd3 Nc6 5. Ne2 Bd6 6. Nbc3 Nge7 7. Nb5 Be6 8.
Nxd6+ Qxd6 9. O-O Ng6 10. c3 O-O-O 11. b4 f5 12. a4 Nce7 13. b5 f4 14. Ba3 Qd7
15. Bxe7 Qxe7 16. Bxg6 hxg6 17. Nxf4 Qh4 18. h3 Qxf4 19. Re1 Rhe8 20. a5 Qd6
21. b6 cxb6 22. a6 Bd7 23. axb7+ Kxb7 24. Rxe8 Rxe8 25. Qd3 a5 26. c4 Bf5 27.
Qb3 dxc4 28. Qxc4 Rc8 29. Qb5 Qxd4 30. Re1 Qc5 31. Qb2 Rc7 32. Qe2 a4 33. Qf3+
Qc6 34. Qa3 Qc3 0-1

[Event "ODEM U25B 2011"]
[Site "Oberhof GER"]
[Date "2011.06.13"]
[Round "3"]
[White "Riedel, Erich"]
[Black "Hartewig, Anja"]
[Result "1/2-1/2"]
[Termination "normal"]
[Board "13"]
[WhiteElo "1137"]
[BlackElo "1539"]
[PlyCount "53"]
[WhiteFideId "12958646"]
[BlackFideId "12917966"]
[EventCountry "GER"]
[EventRounds "9"]
[EventType "swiss"]
[EventDate "2011.06.11"]

1. e4 d6 2. d4 Nf6 3. Nc3 g6 4. Nf3 Bg7 5. h3 c6 6. Bd3 b5 7. O-O O-O 8. Ne2 a6
9. c3 Nbd7 10. Ng3 Bb7 11. Be3 c5 12. Rc1 Rc8 13. Qd2 c4 14. Bc2 Nb6 15. Nh2
Qc7 16. f4 a5 17. f5 a4 18. Ng4 Nxg4 19. hxg4 Nd7 20. Kf2 Nf6 21. g5 Ng4+ 22.
Ke2 Nxe3 23. Qxe3 Qd8 24. Qf4 e5 25. Qh4 exd4 26. cxd4 f6 27. Rh1 1/2-1/2

[Event "ODEM U25B 2011"]
[Site "Oberhof GER"]
[Date "2011.06.13"]
[Round "3"]
[White "Klinge, Sabina"]
[Black "Sommer, Konstantin"]
[Result "0-1"]
[Termination "normal"]
[Board "14"]
[WhiteElo "1101"]
[BlackElo "1502"]
[PlyCount "50"]
[WhiteFideId "12949590"]
[BlackFideId "12926213"]
[EventCountry "GER"]
[EventRounds "9"]
[EventType "swiss"]
[EventDate "2011.06.11"]

1. e4 c6 2. Nf3 d5 3. exd5 cxd5 4. Ne5 Nf6 5. d4 Nbd7 6. Bf4 Nxe5 7. Bxe5 e6 8.
Bd3 Be7 9. O-O Qb6 10. b3 Bd7 11. Nd2 Rc8 12. c4 O-O 13. Rc1 a6 14. Nf3 Bc6 15.
Re1 Nd7 16. Qc2 g6 17. Qb1 dxc4 18. bxc4 Qxb1 19. Rxb1 Bxf3 20. gxf3 Nxe5 21.
Rxe5 Bf6 22. Re4 Rc7 23. Rf4 Bg7 24. Bf1 Rd8 25. Re4 Bxd4 0-1

[Event "ODEM U25B 2011"]
[Site "Oberhof GER"]
[Date "2011.06.13"]
[Round "3"]
[White "Schlichter, Lisa"]
[Black "Weber, Yannik"]
[Result "1-0"]
[Termination "normal"]
[Board "15"]
[WhiteElo "1069"]
[BlackElo "1542"]
[PlyCount "125"]
[WhiteFideId "12926396"]
[BlackFideId "24692700"]
[EventCountry "GER"]
[EventRounds "9"]
[EventType "swiss"]
[EventDate "2011.06.11"]

1. e4 e5 2. Nf3 Nc6 3. Nc3 b6 4. d4 exd4 5. Nxd4 Bc5 6. Nxc6 Qf6 7. Qd2 Qxc6 8.
Bb5 Qe6 9. Qd5 c6 10. Qxe6+ fxe6 11. Bd3 e5 12. O-O Nf6 13. b3 O-O 14. Bb2 b5
15. Kh1 Ng4 16. Nd1 d6 17. f3 Nh6 18. Nf2 a5 19. Be2 Ra7 20. Nd3 Bb6 21. a3 a4
22. b4 Nf7 23. g3 Ng5 24. f4 Bh3 25. fxg5 Bxf1 26. Bxf1 Bd8 27. h4 Rf3 28. Kh2
Bb6 29. Bg2 Rf8 30. Rd1 Rd8 31. Bh3 Re7 32. Re1 Bc7 33. Bc3 d5 34. exd5 e4 35.
Nf4 Bxf4 36. gxf4 cxd5 37. Bd4 Rf8 38. Bc5 Rc7 39. Be6+ Rff7 40. Bxd5 Rcd7 41.
Bxf7+ Kxf7 42. Kg3 Rd2 43. Rxe4 Rxc2 44. Re7+ Kg6 45. Bd4 Rd2 46. Rxg7+ Kf5 47.
Be3 Rd3 48. Kf2 Rxa3 49. Rb7 Ra2+ 50. Kf3 Ra1 51. Rxb5+ Kg6 52. Kg4 a3 53. f5+
Kf7 54. Rb7+ Ke8 55. f6 Rf1 56. Ra7 Kf8 57. Bc5+ Kg8 58. Rxa3 h6 59. Ra7 hxg5
60. hxg5 Re1 61. f7+ Kh7 62. f8=Q+ Kg6 63. Qf6# 1-0

[Event "ODEM U25B 2011"]
[Site "Oberhof GER"]
[Date "2011.06.13"]
[Round "3"]
[White "Siegl, Adrian"]
[Black "Neumann, Tiemon"]
[Result "1-0"]
[Termination "normal"]
[Board "16"]
[WhiteElo "1412"]
[BlackElo "1163"]
[PlyCount "63"]
[WhiteFideId "12930156"]
[BlackFideId "12925462"]
[EventCountry "GER"]
[EventRounds "9"]
[EventType "swiss"]
[EventDate "2011.06.11"]

1. e4 e5 2. f4 d5 3. exd5 Qxd5 4. Nc3 Qe6 5. Nf3 exf4+ 6. Be2 Nf6 7. O-O Bb4 8.
Bb5+ Bd7 9. Re1 Bc5+ 10. d4 Qxe1+ 11. Qxe1+ Be7 12. Bxd7+ Nbxd7 13. Bxf4 Kd8
14. Bxc7+ Kxc7 15. Qxe7 Rhf8 16. Ne5 Rad8 17. Nb5+ Kb8 18. Qd6+ Ka8 19. Nc7+
Kb8 20. Ne6+ Ka8 21. Nxf8 Rxf8 22. Nxd7 Nxd7 23. Qxd7 a6 24. Re1 Rb8 25. Re8
Rxe8 26. Qxe8+ Ka7 27. d5 h5 28. d6 h4 29. d7 h3 30. d8=Q hxg2 31. Qe3+ b6 32.
Qee7# 1-0

[Event "ODEM U25B 2011"]
[Site "Oberhof GER"]
[Date "2011.06.13"]
[Round "3"]
[White "Mann, Jonas"]
[Black "Hölzer, Jeanette"]
[Result "1-0"]
[Termination "normal"]
[Board "17"]
[WhiteElo "1381"]
[BlackElo "1108"]
[PlyCount "167"]
[WhiteFideId "12900214"]
[BlackFideId "12917982"]
[EventCountry "GER"]
[EventRounds "9"]
[EventType "swiss"]
[EventDate "2011.06.11"]

1. Nc3 e5 2. Nf3 Nc6 3. d4 exd4 4. Nxd4 Qf6 5. Ndb5 Qd8 6. Nd5 Bb4+ 7. c3 Ba5
8. b4 Bb6 9. Be3 Nge7 10. Bxb6 Nxd5 11. Qxd5 axb6 12. Qe4+ Ne7 13. e3 d6 14.
Be2 c6 15. Nd4 O-O 16. O-O Nd5 17. Qc2 Ra3 18. Nb3 Re8 19. Bd3 Nf6 20. Qb2 Ra8
21. Nd4 Re5 22. Nf3 Rh5 23. Be2 Rh6 24. Rfd1 Qc7 25. Qd2 d5 26. c4 Be6 27. cxd5
Bxd5 28. h3 Re8 29. Rac1 c5 30. a3 Qc6 31. Nd4 Qc7 32. Nf3 Qc6 33. bxc5 bxc5
34. Qc2 b6 35. a4 Ra8 36. Bb5 Qb7 37. Qd3 Rh5 38. Rc4 Qc8 39. Rh4 Bxf3 40. Ba6
Qb8 41. gxf3 g6 42. Rxh5 Nxh5 43. Bb5 Qb7 44. Qd5 Qxd5 45. Rxd5 Ng7 46. Rd6 Rb8
47. Rc6 Kf8 48. Ba6 Ne6 49. Rc8+ Rxc8 50. Bxc8 Ke7 51. Kf1 Kd6 52. Ke2 c4 53.
Kd2 Nc7 54. Kc3 Kc5 55. f4 Nd5+ 56. Kc2 Kb4 57. Bd7 Nc7 58. e4 Na6 59. f3 Nc5
60. Be8 f6 61. e5 fxe5 62. fxe5 Nb7 63. e6 Nd6 64. Bd7 g5 65. e7 h6 66. e8=Q
Nxe8 67. Bxe8 c3 68. Bf7 Kxa4 69. Kxc3 Kb5 70. Kd4 Kc6 71. Ke4 Kc5 72. Kf5 Kd4
73. Kg6 Ke5 74. Kxh6 Kf4 75. Bd5 b5 76. Kh5 b4 77. Kh6 Kf5 78. Kg7 Ke5 79. Be4
b3 80. Kg6 Kf4 81. Kf6 b2 82. Kg6 Kg3 83. Kxg5 Kxh3 84. f4 1-0

[Event "ODEM U25B 2011"]
[Site "Oberhof GER"]
[Date "2011.06.13"]
[Round "3"]
[White "Eggert, André"]
[Black "Hoppe, Michael"]
[Result "1-0"]
[Termination "normal"]
[Board "18"]
[WhiteElo "1517"]
[BlackElo "1098"]
[PlyCount "57"]
[WhiteFideId "1270464"]
[BlackFideId "12928747"]
[EventCountry "GER"]
[EventRounds "9"]
[EventType "swiss"]
[EventDate "2011.06.11"]

1. c4 e5 2. Nc3 Nf6 3. g3 d5 4. cxd5 Nxd5 5. Bg2 Nxc3 6. bxc3 Bc5 7. Nf3 Nc6 8.
O-O O-O 9. Rb1 Bf5 10. d3 Qd7 11. Qc2 Rad8 12. Rd1 e4 13. Ne1 Ne5 14. Bf4 exd3
15. Qb3 d2 16. Rxd2 Qe7 17. Rxd8 Rxd8 18. Rd1 Rxd1 19. Qxd1 h6 20. Qd5 Bd6 21.
Qxb7 Bc5 22. Qa8+ Kh7 23. Be4 Bxf2+ 24. Kxf2 Ng4+ 25. Kf3 Nxh2+ 26. Ke3 Ng4+
27. Kf3 Bxe4+ 28. Qxe4+ Qxe4+ 29. Kxe4 1-0

[Event "ODEM U25B 2011"]
[Site "Oberhof GER"]
[Date "2011.06.13"]
[Round "3"]
[White "Eggert, Daniela"]
[Black "Rößler, Linus Benedict"]
[Result "0-1"]
[Termination "normal"]
[Board "19"]
[WhiteElo "1041"]
[BlackElo "1523"]
[PlyCount "76"]
[WhiteFideId "12991490"]
[BlackFideId "12921076"]
[EventCountry "GER"]
[EventRounds "9"]
[EventType "swiss"]
[EventDate "2011.06.11"]

1. e4 c5 2. Nf3 Nc6 3. Nc3 g6 4. Bb5 Bg7 5. O-O Nd4 6. d3 Nxb5 7. Nxb5 a6 8.
Nc3 d6 9. Ne2 Nf6 10. c3 O-O 11. Bg5 b5 12. Ng3 Bb7 13. Re1 Nd7 14. d4 f6 15.
Bd2 e5 16. d5 Rc8 17. Nh4 Nb6 18. b3 f5 19. Qc2 f4 20. Ngf5 gxf5 21. Nxf5 Bf6
22. Kh1 Kh8 23. Rg1 Rg8 24. Nh6 Rf8 25. g3 Bg5 26. Nf5 Qd7 27. gxf4 Bf6 28.
fxe5 Bxe5 29. Bh6 Rg8 30. Bf4 Rxg1+ 31. Kxg1 Rg8+ 32. Kh1 Rg4 33. Bxe5+ dxe5
34. f3 Rg6 35. h3 Qd8 36. f4 Bxd5 37. exd5 Qxd5+ 38. Kh2 Qg2+ 0-1

[Event "ODEM U25B 2011"]
[Site "Oberhof GER"]
[Date "2011.06.13"]
[Round "3"]
[White "Thumm, Niklas"]
[Black "Müller, Philipp"]
[Result "0-1"]
[Termination "normal"]
[Board "20"]
[WhiteElo "1016"]
[BlackElo "1328"]
[PlyCount "88"]
[WhiteFideId "12918733"]
[EventCountry "GER"]
[EventRounds "9"]
[EventType "swiss"]
[EventDate "2011.06.11"]

1. e4 e5 2. Nf3 Nc6 3. Nc3 Nf6 4. Bc4 Bc5 5. Ng5 O-O 6. Nf3 d6 7. d3 Bg4 8. h3
Be6 9. Bg5 h6 10. Bh4 Na5 11. Bxe6 fxe6 12. d4 exd4 13. Nxd4 Bxd4 14. Qxd4 Nc6
15. Qc4 Qe7 16. O-O-O Ne5 17. Qb3 Rab8 18. Qa3 a6 19. f4 Ng6 20. Rhe1 Nxh4 21.
e5 Ne8 22. g3 Ng6 23. Ne4 dxe5 24. Qxe7 Nxe7 25. fxe5 Nc6 26. Nc5 Rf5 27. Nd7
Rd8 28. g4 Rf3 29. h4 Rf4 30. Rg1 b6 31. Rd2 Nd4 32. c3 Rxd7 33. cxd4 Rfxd4 34.
Rgg2 Rxd2 35. Rxd2 Rxd2 36. Kxd2 c6 37. Kc3 Nc7 38. g5 hxg5 39. hxg5 Kf7 40. b4
Kg6 41. a4 Nd5+ 42. Kc4 Nxb4 43. Kxb4 a5+ 44. Kc4 Kxg5 0-1

[Event "ODEM U25B 2011"]
[Site "Oberhof GER"]
[Date "2011.06.13"]
[Round "3"]
[White "Hoppe, Andreas"]
[Black "Bruns, Tim-Sebastian"]
[Result "1-0"]
[Termination "normal"]
[Board "21"]
[WhiteElo "1307"]
[BlackElo "1075"]
[PlyCount "87"]
[WhiteFideId "12922811"]
[EventCountry "GER"]
[EventRounds "9"]
[EventType "swiss"]
[EventDate "2011.06.11"]

1. d4 d5 2. Bf4 Nf6 3. e3 Nc6 4. Nf3 Bf5 5. Bb5 e6 6. Ne5 a6 7. Bxc6+ bxc6 8.
Nxc6 Qd7 9. Ne5 Qb5 10. b3 Bb4+ 11. Nd2 Ne4 12. Nef3 Bg4 13. c4 Qa5 14. O-O
Nxd2 15. Re1 Nxf3+ 16. gxf3 Bxe1 17. fxg4 Bc3 18. Rc1 c6 19. Qc2 Bd2 20. Rd1
Bb4 21. c5 Rg8 22. Qxh7 O-O-O 23. Qc2 g5 24. Bg3 Qa3 25. Bd6 Ba5 26. Qh7 Bc7
27. Bxc7 Kxc7 28. Qxf7+ Kb8 29. Qxe6 Rc8 30. Qf5 Qxa2 31. Qd3 Rcf8 32. Rd2 Qa1+
33. Kg2 Rh8 34. Qg6 Qe1 35. Qd6+ Kb7 36. Qd7+ Kb8 37. Qd6+ Ka7 38. Qc7+ Ka8 39.
Ra2 Rxf2+ 40. Rxf2 Qxe3 41. Qxc6+ Kb8 42. Qb6+ Kc8 43. Qxa6+ Kd8 44. Qa8+ 1-0

[Event "ODEM U25B 2011"]
[Site "Oberhof GER"]
[Date "2011.06.13"]
[Round "3"]
[White "Bauch, Florian"]
[Black "Holle, Niklas"]
[Result "1-0"]
[Termination "normal"]
[Board "22"]
[WhiteElo "1306"]
[BlackElo "1060"]
[PlyCount "69"]
[EventCountry "GER"]
[EventRounds "9"]
[EventType "swiss"]
[EventDate "2011.06.11"]

1. d4 e6 2. Nf3 d5 3. c4 c6 4. Nc3 f5 5. Bf4 Nf6 6. e3 Nh5 7. Be5 Nd7 8. cxd5
cxd5 9. Qa4 Be7 10. Be2 O-O 11. Nb5 Nhf6 12. Nc7 Nxe5 13. Nxa8 Nxf3+ 14. Bxf3
Bd7 15. Qxa7 Bb4+ 16. Kd1 Qxa8 17. Qxa8 Rxa8 18. a3 Ne4 19. Bxe4 dxe4 20. Kc2
Ba4+ 21. b3 Rc8+ 22. Kb1 Bc3 23. bxa4 Bxa1 24. Kxa1 Ra8 25. Ka2 Rxa4 26. Rb1
Rc4 27. Rxb7 Rc2+ 28. Rb2 Rc8 29. a4 Ra8 30. Ka3 g5 31. Rb6 Kf7 32. Rb7+ Kg6
33. Kb4 h5 34. Kb5 f4 35. a5 1-0

[Event "ODEM U25B 2011"]
[Site "Oberhof GER"]
[Date "2011.06.13"]
[Round "3"]
[White "ter Stal, Esther"]
[Black "Eue, Vicky"]
[Result "0-1"]
[Termination "normal"]
[Board "23"]
[WhiteElo "847"]
[BlackElo "1296"]
[PlyCount "64"]
[WhiteFideId "12944467"]
[BlackFideId "12945838"]
[EventCountry "GER"]
[EventRounds "9"]
[EventType "swiss"]
[EventDate "2011.06.11"]

1. d4 Nf6 2. Nf3 e6 3. e3 d5 4. Bd3 c5 5. c3 Nc6 6. Nbd2 Bd7 7. O-O Be7 8. Re1
cxd4 9. cxd4 Bd6 10. h3 O-O 11. e4 dxe4 12. Nxe4 Nxe4 13. Bxe4 h6 14. Bc2 Rc8
15. Qd3 f5 16. a3 Qc7 17. Bd2 e5 18. dxe5 Nxe5 19. Nxe5 Bxe5 20. Bb3+ Kh8 21.
Rac1 Bc6 22. Rc2 Rcd8 23. Qe3 Bh2+ 24. Kh1 f4 25. Qe5 f3 26. Qxh2 fxg2+ 27. Kg1
Qb6 28. Qg3 Rd3 29. Be3 Qxb3 30. Rc3 Qd1 31. Rxd1 Rxd1+ 32. Kh2 Rh1# 0-1

[Event "ODEM U25B 2011"]
[Site "Oberhof GER"]
[Date "2011.06.13"]
[Round "3"]
[White "Schumann, Rabea"]
[Black "Binner, Pascal"]
[Result "1-0"]
[Termination "normal"]
[Board "25"]
[WhiteElo "1388"]
[BlackElo "975"]
[PlyCount "49"]
[WhiteFideId "12918199"]
[BlackFideId "12949914"]
[EventCountry "GER"]
[EventRounds "9"]
[EventType "swiss"]
[EventDate "2011.06.11"]

1. e4 d6 2. d4 g6 3. Nf3 Bg7 4. Bc4 Nf6 5. Qe2 O-O 6. c3 Nbd7 7. O-O e5 8. dxe5
dxe5 9. Bg5 h6 10. Bh4 Kh7 11. Nbd2 Qe8 12. Rad1 Ng8 13. Rfe1 Nb6 14. Qe3 f5
15. exf5 Bxf5 16. Nxe5 Bxe5 17. Qxe5 Nxc4 18. Nxc4 g5 19. Qxc7+ Qf7 20. Qxf7+
Rxf7 21. Bg3 Bg4 22. f3 Bd7 23. Ne5 Rf5 24. Rxd7+ Kh8 25. Ng6# 1-0